Eveline von Maydell

Titel: Eveline von Maydell : mustvalge maailm = Eveline von Maydell : a world in black and white = Ėveline fon Majdel' : černo-belyj mir / [koostajad: Juta Kivimäe ...]
Beteiligt:
Veröffentlicht: Tallinn : Eesti Kunstimuuseum ˜[u.a.]œ, 2014
Umfang: 182 S. : zahlr. Ill.
Format: Buch
Sprache: Estnisch; Englisch; Russisch
ISBN: 9789949485260
Buchumschlag
X
Lokale Klassifikation: 44 9 F ; 47 9 B 501
alg: 34093023
001A    $03004:05-06-14 
001B    $01999:09-06-23 $t21:42:34.000 
001C    $03004:08-10-14 $t10:00:44.000 
001D    $03004:07-10-14 
001U    $0utf8 
001X    $00 
002@    $0Aau 
003@    $0340930233 
004A    $A978-9949-485-26-0 
006G    $01049851803 
006H    $0TOCNEUA1510 $2DNB 
006U    $015,A12 $f20140411 
007A    $0340930233 $aHEB 
007G    $0DE0207336457F857A9E08C1257D7F0049EEEE 
009P    $qapplication/pdf $A2 $3Inhaltsverzeichnis $uhttp://scans.hebis.de/HEBCGI/show.pl?34093023_toc.pdf $mV:DE-603;B:DE-Mb50 
010@    $aest $aeng $arus 
011@    $a2014 
021A    $aEveline von Maydell $dmustvalge maailm $fEveline von Maydell $fa world in black and white $fĖveline fon Majdel' $fčerno-belyj mir $h[koostajad: Juta Kivimäe ...] 
028C    $BBearb. $#Kivimjaė, Juta $71016197470 $8Kivimäe, Juta$Z1952- [Tp3] $9277586348 
033A    $pTallinn $nEesti Kunstimuuseum {[u.a.] 
034D    $a182 S. 
034M    $azahlr. Ill. 
045E    $c730 
045F    $a736.984092 $eDDC22ger 
045F/01 $a736.984 
045F/03 $f092 
045G    $a709.479 $eDDC23BSB 
045G/01 $a709 
045G/03 $g479 
045H    $a069.094798 $eDDC23BSB 
045H/01 $a069 
045H/03 $g4798 
046L    $aText estn., engl. und russ. 
046M    $aLiteraturverz. S. 86 - 87 

lok: 34093023 24
101B    $001-07-21 $t13:18:00.000 
101C    $007-10-14 
101U    $0utf8 
145Z/01 $a44 9 F 
145Z/02 $a47 9 B 501 

exp: 34093023 24 1 #EPN
201B/01 $007-10-14 $t09:53:58.000 
201C/01 $005-06-14 
201U/01 $0utf8 
203@/01 $0732800846 
208@/01 $a07-10-14 $bz 
209A/01 $a14.09229 $du $f050 $h14 09229 $x00 
209C/01 $a14.09229 K $h14 09229 K 
209G/01 $a73327342 $x00 
220C/01 $akoe 
244Z/01 $#Maydell, Eveline Adelheid von $#Frank, Eveline Adelheid $7105690013X $8--Tp1--Maydell, Eveline$cvon$Z1890-1962 $x01 $9346521939 
247C/01 $8358050-7 Marburg, Bibliothek des Herder-Instituts Marburg $9102600961
LEADER 00000cam a2200000 c 4500
001 340930233
003 DE-603
005 20230609214234.0
007 tu
008 140605s2014 xx |||| | u00||u|est
015 |a 15,A12  |2 dnb 
016 7 |2 DE-101  |a 1049851803 
020 |a 9789949485260 
035 |a (DE-599)HEB340930233 
040 |a DE-603  |b ger  |c DE-603  |d DE-603 
041 |a est  |a eng  |a rus 
082 0 4 |8 1\u  |a 736.984092  |q DE-101  |2 22/ger 
083 0 |8 2\u  |a 709.479  |q DE-101  |2 23/BSB 
083 0 |8 3\u  |a 069.094798  |q DE-101  |2 23/BSB 
084 |a 730  |q DE-101  |2 sdnb 
085 |8 1\u  |b 736.984 
085 |8 1\u  |z 1  |s 092 
085 |8 2\u  |b 709 
085 |8 2\u  |z 2  |s 479 
085 |8 3\u  |b 069 
085 |8 3\u  |z 2  |s 4798 
245 0 0 |a Eveline von Maydell  |b mustvalge maailm = Eveline von Maydell : a world in black and white = Ėveline fon Majdel' : černo-belyj mir  |c [koostajad: Juta Kivimäe ...] 
264 1 |a Tallinn  |b Eesti Kunstimuuseum ˜[u.a.]œ  |c 2014 
300 |a 182 S.  |b zahlr. Ill. 
504 |a Literaturverz. S. 86 - 87 
546 |a Text estn., engl. und russ. 
700 1 |a Kivimäe, Juta  |d 1952-  |e Bearb.  |4 edt  |0 (DE-603)277586348  |0 (DE-588)1016197470  |2 gnd 
856 4 2 |m V:DE-603;B:DE-Mb50  |q application/pdf  |u http://scans.hebis.de/HEBCGI/show.pl?34093023_toc.pdf  |3 Inhaltsverzeichnis 
924 0 |9 Mb 50  |a (DE-603)732800846  |b DE-Mb50  |c HES  |d c  |g 14.09229